000 00542nmm a2200181Ia 4500
008 251105s9999||||xx |||||||||||||||||und||
041 _aspa
100 _aLapavitsas, Costas
245 0 _aContra la troika :
_b Crisis y austeridad en la eurozona
264 _a[Madrid, España] :
_bAkal,
_c2015
300 _a168 páginas
490 _aPensamiento crítico
650 _aEconomics and Business
700 _aLapavitsas, Costas
700 1 _a Flassbeck, Heiner
856 _uhttps://public.digitaliapublishing.com/a/39763
942 _cCF
999 _c67654
_d67654